Svatantra bharata (Record no. 141255)
[ view plain ]
| 000 -LEADER | |
|---|---|
| fixed length control field | 00544nam a2200193Ia 4500 |
| 003 - CONTROL NUMBER IDENTIFIER | |
| control field | OSt |
| 005 - DATE AND TIME OF LATEST TRANSACTION | |
| control field | 20240401095102.0 |
| 008 - FIXED-LENGTH DATA ELEMENTS--GENERAL INFORMATION | |
| fixed length control field | 210210b1947 xxu||||| |||| 00| 0 eng d |
| 040 ## - CATALOGING SOURCE | |
| Transcribing agency | AL |
| 041 ## - LANGUAGE CODE | |
| Language code of text/sound track or separate title | Kannada |
| 082 ## - DEWEY DECIMAL CLASSIFICATION NUMBER | |
| Classification number | 851/110 |
| 100 ## - MAIN ENTRY--PERSONAL NAME | |
| Personal name | GUNDAPPA (D V) |
| 9 (RLIN) | 109835 |
| Dates associated with a name | ಗುಂಡಪ್ಪ (ಡಿ ವಿ) |
| 245 ## - TITLE STATEMENT | |
| Title | Svatantra bharata |
| Remainder of title | ಸ್ವತಂತ್ರ ಭಾರತ |
| 260 ## - PUBLICATION, DISTRIBUTION, ETC. | |
| Place of publication, distribution, etc. | Bengaluru |
| Name of publisher, distributor, etc. | Karnatak Prakashan |
| Date of publication, distribution, etc. | 1947 |
| 650 ## - SUBJECT ADDED ENTRY--TOPICAL TERM | |
| Topical term or geographic name entry element | Di Vi Ji |
| 9 (RLIN) | 109836 |
| 690 ## - LOCAL SUBJECT ADDED ENTRY--TOPICAL TERM (OCLC, RLIN) | |
| Topical term or geographic name as entry element | Kannada Poetry |
| 9 (RLIN) | 109837 |
| 906 ## - LOCAL DATA ELEMENT F, LDF (RLIN) | |
| a | 018127 |
| 942 ## - ADDED ENTRY ELEMENTS (KOHA) | |
| Source of classification or shelving scheme | Dewey Decimal Classification |
| Koha item type | Book |
| Withdrawn status | Lost status | Source of classification or shelving scheme | Damaged status | Not for loan | Collection code | Home library | Current library | Date acquired | Cost, normal purchase price | Total Checkouts | Full call number | Barcode | Date last seen | Price effective from | Koha item type |
|---|---|---|---|---|---|---|---|---|---|---|---|---|---|---|---|
| Dewey Decimal Classification | Kannada | St Aloysius Library | St Aloysius Library | 02/17/2021 | 0.00 | 851/110 | 018127 | 02/17/2021 | 02/17/2021 | Book |